Every Song by INXS - Statistics

General Stats
  • This quiz has been taken 30 times
  • The average score is 30 of 149
Answer Stats
Album Song % Correct
Kick(1987) Kick
88%
Kick(1987) Never Tear Us Apart
88%
Listen Like Thieves(1985) Listen Like Thieves
80%
X(1990) Suicide Blonde
80%
Kick(1987) Need You Tonight
76%
The Swing(1984) Original Sin
76%
Kick(1987) Devil Inside
72%
Welcome to Wherever You Are(1992) Beautiful Girl
64%
Shabooh Shoobah(1982) Don't Change
64%
Elegantly Wasted(1997) Elegantly Wasted
64%
Listen Like Thieves(1985) Kiss the Dirt (Falling Down the Mountain)
64%
Kick(1987) Mystify
64%
Kick(1987) New Sensation
56%
Shabooh Shoobah(1982) The One Thing
56%
X(1990) Disappear
52%
INXS(1980) Just Keep Walking
52%
Listen Like Thieves(1985) What You Need
52%
Welcome to Wherever You Are(1992) Baby Don't Cry
48%
X(1990) Bitter Tears
44%
X(1990) By My Side
44%
The Swing(1984) I Send a Message
44%
Kick(1987) Guns in the Sky
40%
Underneath the Colours(1981) Stay Young
40%
Full Moon, Dirty Hearts(1993) The Gift
40%
The Swing(1984) The Swing
40%
The Swing(1984) Burn for You
36%
X(1990) The Stairs
36%
Full Moon, Dirty Hearts(1993) Full Moon, Dirty Hearts
32%
Switch(2005) Pretty Vegas
32%
Welcome to Wherever You Are(1992) Taste It
32%
Underneath the Colours(1981) Underneath the Colours
32%
The Swing(1984) Dancing on the Jetty
28%
Welcome to Wherever You Are(1992) Heaven Sent
28%
The Swing(1984) Johnson's Aeroplane
28%
Kick(1987) The Loved One
24%
The Greatest Hits(1994) The Strangest Party (These Are the Times)
24%
Listen Like Thieves(1985) This Time
24%
Full Moon, Dirty Hearts(1993) Time
24%
Shabooh Shoobah(1982) To Look at You
24%
Kick(1987) Calling All Nations
20%
The Swing(1984) Love Is (What I Say)
20%
Kick(1987) Mediate
20%
Welcome to Wherever You Are(1992) Not Enough Time
20%
INXS(1980) On a Bus
20%
Elegantly Wasted(Bonus)(1997) Shine
20%
Listen Like Thieves(1985) Shine Like It Does
20%
Kick(1987) Tiny Daggers
20%
Kick(1987) Wild Life
20%
Shabooh Shoobah(1982) Black and White
16%
Live Baby Live(1991) Shining Star
16%
X(1990) Hear That Sound
16%
X(1990) Know the Difference
16%
The Swing(1984) Melting in the Sun
16%
Shabooh Shoobah(1982) Old World New World
16%
Listen Like Thieves(1985) One x One
16%
Full Moon, Dirty Hearts(1993) Please (You Got That...)
16%
Listen Like Thieves(1985) Red Red Sun
16%
Elegantly Wasted(1997) Searching
16%
Elegantly Wasted(1997) Show Me (Cherry Baby)
16%
Shabooh Shoobah(1982) Spy of Love
16%
Switch(2005) Afterglow
12%
Welcome to Wherever You Are(1992) All Around
12%
Bang the Drum(2004) Bang the Drum
12%
Listen Like Thieves(1985) Biting Bullets
12%
Welcome to Wherever You Are(1992) Communication
12%
Switch(2005) Devil's Party
12%
INXS(1980) Doctor
12%
Elegantly Wasted(1997) Don't Lose Your Head
12%
The Swing(1984) Face the Change
12%
X(1990) Faith in Each Other
12%
Full Moon, Dirty Hearts(1993) Freedom Deep
12%
Shabooh Shoobah(1982) Golden Playpen
12%
Listen Like Thieves(1985) Good + Bad Times
12%
Shabooh Shoobah(1982) Here Comes
12%
Shabooh Shoobah(1982) Jan's Song
12%
X(1990) On My Way
12%
Welcome to Wherever You Are(1992) Questions
12%
INXSIVE(1982) Simple Simon
12%
Shabooh Shoobah(1982) Soul Mistake
12%
Welcome to Wherever You Are(1992) Strange Desire
12%
X(1990) Who Pays the Price
12%
Welcome to Wherever You Are(1992) Wishing Well
12%
INXS(1980) Wishy Washy
12%
The Swing(1984) All the Voices
8%
Welcome to Wherever You Are(1992) Back on Line
8%
Underneath the Colours(1981) Barbarian
8%
Underneath the Colours(1981) Big Go Go
8%
INXS(1980) Body Language
8%
Elegantly Wasted(1997) Building Bridges
8%
Full Moon, Dirty Hearts(1993) Cut Your Roses Down
8%
Full Moon, Dirty Hearts(1993) Days of Rust
8%
Original Sin(2010) Drum Opera
8%
Elegantly Wasted(1997) Everything
8%
Elegantly Wasted(1997) Girl on Fire
8%
Switch(2005) God's Top Ten
8%
Underneath the Colours(1981) Horizons
8%
Switch(2005) Hot Girls
8%
Kick(Bonus)(2004) I'm Coming (Home)
8%
Elegantly Wasted(1997) I'm Just a Man
8%
Full Moon, Dirty Hearts(1993) I'm Only Looking
8%
INXS(1980) Jumping
8%
Underneath the Colours(1981) Just to Learn Again
8%
Full Moon, Dirty Hearts(1993) Kill the Pain
8%
X(1990) Lately
8%
Elegantly Wasted(Bonus)(1997) Let It Ride
8%
Full Moon, Dirty Hearts(1993) Make Your Peace
8%
Welcome to Wherever You Are(1992) Men and Women
8%
INXS(1980) Newsreel Babies
8%
Underneath the Colours(1981) Night of Rebellion
8%
Switch(2005) Remember Who's Your Man
8%
INXS(1980) Roller Skating
8%
Listen Like Thieves(1985) Same Direction
8%
Elegantly Wasted(1997) Shake the Tree
8%
Elegantly Wasted(1997) She Is Rising
8%
Full Moon, Dirty Hearts(1993) The Messenger
8%
Listen Like Thieves(1985) Three Sisters
8%
Full Moon, Dirty Hearts(1993) Viking Juice
8%
INXSIVE(1982) We Are the Vegetables
8%
Elegantly Wasted(1997) We Are Thrown Together
8%
Underneath the Colours(1981) What Would You Do
8%
X(Bonus)(2002) Dark of Night
4%
X(Bonus)(2002) Deepest Red
4%
The Greatest Hits(1994) Deliver Me
4%
Kick(Bonus)(1989) Different World
4%
INXSIVE(1982) Prehistoria
4%
Kick 25(2012) Do Wot You Do
4%
Underneath the Colours(1981) Fair Weather Ahead
4%
Underneath the Colours(1981) Follow
4%
Dekadance(1983) Here Comes II
4%
Switch(2005) Hungry
4%
Non-Album(2003) I Get Up
4%
INXS(1980) In Vain
4%
Kick(Bonus)(2002) Jesus Was a Man
4%
INXSIVE(1982) Lacavocal
4%
INXS(1980) Learn to Smile
4%
Switch(2005) Like It or Not
4%
Kick(Bonus)(2002) Mistify
4%
Kick(Bonus)(1989) Move On
4%
Switch(2005) Never Let You Go
4%
Kick(Bonus)(2004) On the Rocks
4%
Switch(2005) Perfect Strangers
4%
The Best of INXS(2002) Salvation Jane
4%
Welcome to Wherever You Are(Bonus)(2002) The Answer
4%
Welcome to Wherever You Are(Bonus)(2002) The Indian Song
4%
Kick(Bonus)(2002) The Trap
4%
INXSIVE(1982) The Unloved One
4%
The Best of INXS(2002) Tight
4%
Switch(2005) Us
4%
X(Bonus)(2002) Waiting to Be Free
4%
No matching quizzes found
Score Distribution
Percent of People with Each Score
Percentile by Number Answered
Your Score History
You have not taken this quiz